00625nam a2200193Ia 4500008004100000020001500041041001200056082001100068100001800079245006000097250000800157260004800165300000800213650000700221700001300228942000700241999001500248952016800263221030s9999 xx 000 0 und d a8122420087 aEnglish a105.23 aI. J. Nagrath 0aControl Systems Engineeringcby I. J. Nagrath, M. Gopal a5th bNew Age International PubaNew Delhic2007 a895 aEE aM. Gopal cBK c4156d4156 pBE 9111g375.00l0o105.23 r2024-06-13 00:00:00w2022-10-30yBK003Print4070aMIETLIBbMIETLIBcBL-Academic Block C, FL-2, CUP-32, SH-4, R-4d2007-09-1010HBE